Daily Country Riddle #100 - Statistics

General Stats
  • This quiz has been taken 181 times
  • The average score is 10 of 13
Answer Stats
Type Answer % Correct
Found Letter A
100%
Correctly Placed Letter A
89%
Found Letter I
89%
Found Letter R
89%
Correctly Placed Letter I
83%
Found Letter S
77%
Found Letter U
73%
Correctly Placed Letter U
71%
Correctly Placed Letter R
70%
Mystery Country Russia
68%
Correctly Placed Letter S
68%
Correctly Placed Letter S
68%
Found Letter S
68%
No matching quizzes found
Score Distribution
Percent of People with Each Score
Percentile by Number Answered
Your Score History
You have not taken this quiz